00441cam a22001217a 4500008004000000082001700040100007600057245008800133260002900221300001000250500002900260700003000289180718b1946 xxu||||| |||| 00| 0 eng d aC4x5452 M267 aMadras. Committee on the Separation of the Judiciary from the Executive aReport of the Committee on the Separation of the Judiciary from the Executive, 1946 aMadrasbThe authorc1946 a85+p. aChairman: K. Rajah Ayyar aAyyar, K. Raja (Chairman)